000 00682nam a2200229 a 4500
001 000023004
005 20240510073816.0
008 101124s1980 sp 000 | spa d
020 _a8420617830
040 _aDO-SdBNP
_bspa
_cBNPHU
082 _a100
_bZ93c
100 1 _aZubiri, Xavier
_94755
245 1 0 _aCinco lecciones de filosofía /
_cXavier Zubiri.
260 _aMadrid :
_bAlianza,
_c1980.
300 _a276 p. ;
_c18 cm.
490 1 _aHumanidades;
_v783
490 1 _aLibro de Bolsillo;
_v783
500 _aLa biblioteca posee la 5ta. reimpresión 1994
650 0 _aFilosofía
_9813
830 0 _aHumanidades;
_n783
_947326
830 0 _aLibro de Bolsillo;
_n783
_947327
999 _c22501
_d22501